000 00832nam a2200253Ia 4500
003 OSt
005 20220923211109.0
006 a|||||r|||| 00| 0
007 ta
008 Pun
020 _a8181380568 (hbk)
_c440
024 _a260,331
037 _b640, 22/03/2012, H.K. Prakashan
_cTextual
040 _aARTS
_cARTS
_bPun
041 _2Pun
_aPun
082 _aO153,1NHU1:g, Q1
100 _aਹੰੁਦਲ, ਹਰਭਜਨ ਸਿੰਘ
_9156274
245 0 _aਸਿਤਾਰਿਆਂ ਦੀ ਸੱਥ
260 _aਦਿੱਲੀ
_b ਐਮ. ਪੀ. ਪ੍ਰਕਾFਨ
_c2011
300 _a224ਪੰ
_ccm.
650 _aਪੰਜਾਬੀ ਸਾਹਿਤ
942 _hO153,1NHU1:g, Q1
_cTEXL
_2CC
999 _c295192
_d295192